| 000 | 00505cam a22002052a 4500 | ||
|---|---|---|---|
| 001 | 010952 | ||
| 003 | AR-FADEU | ||
| 008 | 311216n1986####xxu####################dd | ||
| 092 |
_a808.831 _bT556ti |
||
| 245 | _aTICKETS, please : and other stories | ||
| 260 | _aLondon | ||
| 260 | _bMacmillan | ||
| 260 | _c1986 | ||
| 300 | _a80 p | ||
| 440 | _aAdvanced readers | ||
| 700 | _aColin, Swatridge, ed. | ||
| 650 | _a/LITERATURA/CUENTO; SHORT STORIES/REVISADO/ | ||
| 546 | _aInglés | ||
| 942 | _cBDGR | ||
| 999 |
_c16734 _d16734 |
||